000 00472nam a2200169Ia 4500
008 240729s9999 xx 000 0 und d
022 _a2056-3051
245 0 _aSocial Media + Society
260 _aUnited Kingdom
260 _bSAGE Publishing
650 _a Communication. Mass media
650 _a Philology. Linguistics
650 _aLanguage and Literature
856 _uhttps://doaj.org/toc/c8ee063484854253a432514cb7819241
942 _2ddc
942 _cDOAJEJ
999 _c67801
_d67801
945 _a1
_bMadushi Gamage
_c1
_dMadushi Gamage